000
00341 a2200133 4500
000
nam a22 7a 4500
100
_a
Dwivedi, Vindumati
110
_a
Dwivedi, Vindumati
245
_a
Upanishad Shiksha Darshan
250
_a
Latest edition
260
_b
satyam Publication
_c
2023
264
_b
satyam Publication
_c
2023
942
_c
BK
999
_c
395909
_d
395909